| 000 | 00999cam a22002655a 4500 | ||
|---|---|---|---|
| 001 | 15262162 | ||
| 005 | 20090410072200.0 | ||
| 008 | 080415s2008 nyu 000 0 eng | ||
| 010 | _a 2008927215 | ||
| 020 | _a9781846288449 (softcover) | ||
| 040 |
_aDLC _cDLC |
||
| 082 |
_222 _a004.0151 _bMAK |
||
| 100 | 1 |
_aMakinson, David. _93959 |
|
| 245 | 1 | 0 |
_aSets, logic and maths for computing / _cDavid Makinson. |
| 250 | _a1st.ed. | ||
| 260 |
_aNew York : _bSpringer, _c2008. |
||
| 263 | _a0807 | ||
| 300 |
_a301p.: _bill.; _c24 cm. |
||
| 490 | 0 | _aUndergraduate topics in computer science | |
| 504 | _aIncludes bibliographical references and index. | ||
| 650 |
_93550 _aComputer science _xMathematics. |
||
| 942 |
_2ddc _cBB |
||
| 999 |
_c11358 _d11358 |
||